000 00389nam a2200145Ia 4500
008 210210b1975 xxu||||| |||| 00| 0 eng d
082 _a050.954 INDI
100 _aINDIA.
245 _aIndia a reference annual 1975.
260 _aNew Delhi.
_bMinistry of Information & Broadcasting Govt Of India.,
_c1975
300 _a432,64
650 _aIndia
690 _aSerials
906 _a031276
999 _c82372
_d82372